[Event "Titled Tuesday intern op 18th Jul Late"]
[Site "Chess.com INT"]
[Date "2023.07.18"]
[Round "3"]
[White "Ballester Llagaria, Luis Eduardo"]
[Black "Gaal, Zsoka"]
[Result "0-1"]
[WhiteElo "2298"]
[BlackElo "2328"]
[PlyCount "30"]
[EventDate "2023.07.18"]
[EventType "swiss (blitz)"]
[EventRounds "11"]
[EventCountry "USA"]
[SourceTitle "EXT 2024"]
[Source "ChessBase"]
[SourceDate "2023.10.10"]
[SourceVersion "1"]
[SourceVersionDate "2023.10.10"]
[SourceQuality "1"]

1. e4 Nf6 2. e5 Nd5 3. d4 d6 4. Nf3 g6 5. Bc4 Nb6 6. Bb3 Bg7 7. Qe2 0-0 8. h3 c5 9. dxc5 dxc5 10. c3 Nc6 11. Bf4 Bf5 12. Nbd2 Bd3 13. Qe3 c4 14. Bd1 Nd5 15. Qd4 Nxd4 0-1

[Event "Titled Tuesday intern op 11th Jul Late"]
[Site "Chess.com INT"]
[Date "2023.07.11"]
[Round "3"]
[White "Campos, Maria Jose"]
[Black "Ballester Llagaria, Luis Eduardo"]
[Result "0-1"]
[WhiteElo "2212"]
[BlackElo "2298"]
[PlyCount "80"]
[EventDate "2023.07.11"]
[EventType "swiss (blitz)"]
[EventRounds "11"]
[EventCountry "USA"]
[SourceTitle "EXT 2024"]
[Source "ChessBase"]
[SourceDate "2023.10.10"]
[SourceVersion "1"]
[SourceVersionDate "2023.10.10"]
[SourceQuality "1"]

1. c4 e5 2. g3 Nc6 3. Bg2 f5 4. Nc3 Nf6 5. Nf3 e4 6. Ng5 h6 7. Nh3 g5 8. d3 Bb4 9. 0-0 Bxc3 10. bxc3 d6 11. Ba3 0-0 12. Rb1 b6 13. f3 exd3 14. exd3 Bd7 15. f4 g4 16. Nf2 Qe7 17. Qd2 Rae8 18. Rbe1 Qf7 19. Bc1 h5 20. Qc2 Kg7 21. Be3 h4 22. Re2 hxg3 23. hxg3 Kg6 24. Rfe1 Nh5 25. Nh1 Re7 26. Bf2 Rfe8 27. Qd2 Rxe2 28. Rxe2 Rxe2 29. Qxe2 Qe7 30. Kf1 Qxe2+ 31. Kxe2 Kf6 32. Bd5 Ne7 33. Bd4+ Kg6 34. Bg2 Bc6 35. Kf2 Bxg2 36. Kxg2 Nc6 37. Nf2 Kf7 38. Nd1 Ne7 39. Ne3 c5 40. Bh8 Kg8 0-1

[Event "Titled Tuesday intern op 27th Jun Late"]
[Site "Chess.com INT"]
[Date "2023.06.27"]
[Round "9"]
[White "Ballester Llagaria, Luis Eduardo"]
[Black "Cruz, Jonathan"]
[Result "1-0"]
[WhiteElo "2298"]
[BlackElo "2328"]
[PlyCount "61"]
[EventDate "2023.06.27"]
[EventType "swiss (blitz)"]
[EventRounds "11"]
[EventCountry "USA"]
[SourceTitle "EXT 2024"]
[Source "ChessBase"]
[SourceDate "2023.10.10"]
[SourceVersion "1"]
[SourceVersionDate "2023.10.10"]
[SourceQuality "1"]

1. e4 e5 2. Nf3 Nc6 3. Bc4 Be7 4. d4 exd4 5. c3 Nf6 6. e5 Ne4 7. Bd5 Nc5 8. cxd4 Ne6 9. 0-0 0-0 10. Bb3 Na5 11. Bc2 d5 12. Qd3 g6 13. Bh6 Re8 14. Nc3 Nc4 15. b3 Na3 16. Bd1 b6 17. Rc1 Bb7 18. Ne2 c5 19. Nf4 c4 20. Qe3 b5 21. g3 Rc8 22. h4 Ng7 23. Bxg7 Kxg7 24. e6 f6 25. h5 Bd6 26. Nh4 Bxf4 27. Qxf4 g5 28. Nf5+ Kh8 29. Qd6 Qb6 30. Qd7 Qc7 31. Nd6 1-0

[Event "Titled Tuesday intern op 27th Jun Late"]
[Site "Chess.com INT"]
[Date "2023.06.27"]
[Round "1"]
[White "Ballester Llagaria, Luis Eduardo"]
[Black "Vila Dupla, Aurelio"]
[Result "1-0"]
[WhiteElo "2298"]
[BlackElo "2030"]
[PlyCount "75"]
[EventDate "2023.06.27"]
[EventType "swiss (blitz)"]
[EventRounds "11"]
[EventCountry "USA"]
[SourceTitle "EXT 2024"]
[Source "ChessBase"]
[SourceDate "2023.10.10"]
[SourceVersion "1"]
[SourceVersionDate "2023.10.10"]
[SourceQuality "1"]

1. e4 c5 2. Nc3 d6 3. d4 cxd4 4. Qxd4 Nc6 5. Qd2 Nf6 6. b3 e6 7. Bb2 d5 8. 0-0-0 Bb4 9. exd5 Nxd5 10. Nge2 0-0 11. a3 Nxc3 12. Nxc3 Qxd2+ 13. Rxd2 Bc5 14. Ne4 Be7 15. g3 b6 16. Nd6 Bxd6 17. Rxd6 Bb7 18. Bg2 Rac8 19. Rhd1 Rfd8 20. Bxc6 Rxd6 21. Bxb7 Rxd1+ 22. Kxd1 Rd8+ 23. Ke2 f6 24. c4 Kf7 25. Be4 g6 26. b4 Rc8 27. Bd3 a5 28. Bd4 axb4 29. axb4 Rb8 30. c5 e5 31. Be3 bxc5 32. Bxc5 f5 33. Bc4+ Kf6 34. Kd3 Rd8+ 35. Kc3 Rd1 36. b5 Rc1+ 37. Kb4 e4 38. b6 1-0